000 01040nam a22003377a 4500
003 CHAP
005 20220817041245.0
008 971013s1993 r 00010 d
010 _a9733
011 _a10705
035 _a9943
040 _cCHAP
090 _aTesis
100 0 0 _aGonzález Saldívar, Dantte.
_949389
245 _aProductividad del matorral mediano suinerme bajo distintos tratamientos silvícolas
260 _aLinares, N.L. :
_bEl autor,
_c1993
300 _a52 h.
502 _aTesis (Ing. Forestal) -- UANL. Facultad de Ciencias Forestales
590 _aALEPH
_b10
_c20130110
_lUCH01
_h1225
590 _aBATCH-UPD
_b10
_c20130110
_lUCH01
_h1020
590 _aBATCH-UPD
_b10
_c20130410
_lUCH01
_h0626
590 _aBATCH-UPD
_b10
_c20130913
_lUCH01
_h1910
590 _aCONVERSION
_b10
_c20130109
_lUCH01
_h1306
650 1 4 _aAclareos.
_9615
650 1 4 _aArbustos.
_96713
650 1 4 _aBiomasa.
_912825
650 1 4 _aMatorrales.
901 _aBK
942 _cTESIS
949 _bBC
_cTES
_d-21169
_eTS1
_h26717
_i9943
_si
999 _c9733
_d9733